000 00678nam a2200205Ia 4500
003 GCL
008 140319s9999 xx 000 0 ara d
020 _a4375979977
040 _aGCL /
_cGCL
082 0 4 _a811.01
_bج ل
100 1 _aجمال بخيت
245 1 0 _aلوجه الحب :
_bاشعار مسحراتى العرب جمال بخيت /
_cجمال بخيت
250 _aالاولى
260 _aالقاهرة :
_bدار الخيال ،
_c2004
300 _a387 ص ؛
_c24 سم
650 0 4 _aالشعر العربى - دواوين وقصائد
650 0 4 _aالشعر العربى - مصر
650 0 4 _aالشعر الغنائى - مصر
942 _2ddc
_cBK
999 _c6120
_d6120